| 000 | 00679nam a22001937a 4500 | ||
|---|---|---|---|
| 005 | 20251108172102.0 | ||
| 008 | 250721s2001 xx 000 0 ara d | ||
| 082 | 1 | 4 | _a973.7/ماك |
| 100 | 1 |
_aماكفيرسون، جيمس م _eمؤلف |
|
| 245 | 1 | 0 | _aأبراهام لنكولن و الثورة الأمريكية الثانية / |
| 264 | 1 |
_aالقاهرة : _bدار دوليه للإسثمارات، _c2001. |
|
| 300 | _a195ص. | ||
| 650 | 1 | 7 | _aتاريخ الولايات المتحدة |
| 650 | 1 | 7 | _aالثورة الأمريكية |
| 700 | 1 |
_aحكيم، فايزة _eمترجم |
|
| 700 | 1 |
_aمنيب، أحمد _eمترجم |
|
| 942 |
_2ddc _cBK |
||
| 999 |
_c70101 _d70101 |
||